| 000 | 00860cam a22002893a 4500 | ||
|---|---|---|---|
| 001 | 26268 | ||
| 003 | PGUSA | ||
| 005 | 20140828083551.0 | ||
| 008 | 080801s2008||||xxu|||||s|||||000 | eng d | ||
| 040 |
_aPGUSA _beng |
||
| 042 | _adc | ||
| 050 | 4 | _aPR | |
| 100 | 1 |
_aShakespeare, William, _d1564-1616 |
|
| 245 | 1 | 0 |
_aRomeo and Juliet _h[electronic resource] / _cWilliam Shakespeare |
| 260 |
_bProject Gutenberg, _c2008 |
||
| 506 | _aPublic domain in the USA. | ||
| 516 | _aElectronic text | ||
| 653 | _aVerona (Italy) -- Drama | ||
| 653 | _aVendetta -- Drama | ||
| 653 | _aRomeo (Fictitious character) -- Drama | ||
| 653 | _aConflict of generations -- Drama | ||
| 653 | _aYouth -- Drama | ||
| 653 | _aJuliet (Fictitious character) -- Drama | ||
| 830 | 0 |
_aProject Gutenberg _v26268 |
|
| 856 | 4 | 0 | _uhttp://www.gutenberg.org/ebooks/26268 |
| 942 | _cEB | ||
| 999 |
_c255523 _d255523 |
||